[Event "Portugal Open Semirrapidas"]
[Site "Lisboa POR"]
[Date "2020.02.02"]
[Round "7.10"]
[White "CHKHAIDZE, Nikoloz"]
[Black "MARTIN DUQUE, Jesus"]
[Result "0-1"]
[BlackElo "2384"]
[WhiteElo "2178"]
[LiveChessVersion "1.4.8"]

1. d4 {[%clk 0:15:09]} Nf6 {[%clk 0:15:09]} 2. c4 {[%clk 0:15:14]} e6
{[%clk 0:15:12]} 3. Nc3 {[%clk 0:15:18]} Bb4 {[%clk 0:15:16]} 4. Qc2
{[%clk 0:15:22]} Nc6 {[%clk 0:15:20]} 5. Nf3 {[%clk 0:15:23]} d6 {[%clk 0:15:22]}
6. Bd2 {[%clk 0:15:16]} O-O {[%clk 0:15:24]} 7. a3 {[%clk 0:15:20]} Bxc3
{[%clk 0:15:27]} 8. Bxc3 {[%clk 0:15:24]} Re8 {[%clk 0:15:28]} 9. e3
{[%clk 0:15:26]} a5 {[%clk 0:15:29]} 10. Be2 {[%clk 0:15:28]} e5 {[%clk 0:15:27]}
11. Rd1 {[%clk 0:15:24]} Qe7 {[%clk 0:15:27]} 12. dxe5 {[%clk 0:15:27]} dxe5
{[%clk 0:15:29]} 13. O-O {[%clk 0:15:24]} g6 {[%clk 0:15:33]} 14. Nd2
{[%clk 0:14:10]} Bf5 {[%clk 0:15:17]} 15. Bd3 {[%clk 0:13:56]} Bxd3
{[%clk 0:14:23]} 16. Qxd3 {[%clk 0:14:00]} Red8 {[%clk 0:13:51]} 17. Qc2
{[%clk 0:14:02]} Nd7 {[%clk 0:13:44]} 18. Ne4 {[%clk 0:12:05]} f5
{[%clk 0:13:30]} 19. Ng3 {[%clk 0:12:09]} a4 {[%clk 0:13:16]} 20. f4
{[%clk 0:10:23]} exf4 {[%clk 0:13:07]} 21. exf4 {[%clk 0:10:26]} Nb6
{[%clk 0:12:27]} 22. Rfe1 {[%clk 0:04:13]} Qc5+ {[%clk 0:12:15]} 23. Kh1
{[%clk 0:04:17]} Rxd1 {[%clk 0:11:44]} 24. Qxd1 {[%clk 0:03:55]} Rd8
{[%clk 0:10:29]} 25. Qc2 {[%clk 0:03:25]} Qxc4 {[%clk 0:09:42]} 26. Nxf5
{[%clk 0:03:22]} gxf5 {[%clk 0:09:22]} 27. Qxf5 {[%clk 0:03:26]} Qf7
{[%clk 0:09:08]} 28. Qg4+ {[%clk 0:01:00]} Qg6 {[%clk 0:09:12]} 29. Qf3
{[%clk 0:00:58]} Re8 {[%clk 0:07:18]} 30. f5 {[%clk 0:00:45]} Rxe1+
{[%clk 0:07:15]} 31. Bxe1 {[%clk 0:00:49]} Qf7 {[%clk 0:05:56]} 32. Bd2
{[%clk 0:00:28]} h5 {[%clk 0:05:06]} 33. Qg3+ {[%clk 0:00:13]} Kh7
{[%clk 0:04:58]} 34. Qg5 {[%clk 0:00:16]} Nd5 {[%clk 0:04:34]} 35. h4
{[%clk 0:00:07]} Nce7 {[%clk 0:03:41]} 36. Qh6+ {[%clk 0:00:07]} Kg8
{[%clk 0:03:42]} 37. f6 {[%clk 0:00:07]} Nxf6 {[%clk 0:03:23]} 38. Qf4
{[%clk 0:00:11]} Ned5 {[%clk 0:03:14]} 39. Qxa4 {[%clk 0:00:13]} Ng4
{[%clk 0:02:58]} 40. Qc4 {[%clk 0:00:12]} c6 {[%clk 0:02:54]} 41. Qe2
{[%clk 0:00:16]} Qe7 {[%clk 0:02:44]} 42. Qf3 {[%clk 0:00:09]} Qxh4+
{[%clk 0:02:39]} 43. Kg1 {[%clk 0:00:13]} Qf6 {[%clk 0:02:33]} 44. Qe2
{[%clk 0:00:09]} Qe5 {[%clk 0:02:20]} 45. Qd1 {[%clk 0:00:06]} Qd4+
{[%clk 0:02:21]} 0-1

[Event "Portugal Open Semirrapidas"]
[Site "Lisboa POR"]
[Date "2020.02.02"]
[Round "7.11"]
[White "MONTEIRO, Paulo"]
[Black "FROIS, Antonio"]
[Result "0-1"]
[BlackElo "2357"]
[WhiteElo "1849"]
[LiveChessVersion "1.4.8"]

1. e4 {[%clk 0:15:05]} Nf6 {[%clk 0:15:05]} 2. Nc3 {[%clk 0:15:05]} d5
{[%clk 0:14:59]} 3. exd5 Nxd5 {[%clk 0:14:59]} 4. Bc4 {[%clk 0:15:05]} Be6
{[%clk 0:14:38]} 5. Qf3 {[%clk 0:14:20]} c6 {[%clk 0:14:38]} 6. Nge2
{[%clk 0:14:06]} Nd7 {[%clk 0:14:31]} 7. Nxd5 {[%clk 0:13:52]} Ne5
{[%clk 0:13:49]} 8. Qf4 {[%clk 0:12:49]} cxd5 {[%clk 0:13:49]} 9. Bb5+
{[%clk 0:12:46]} Bd7 {[%clk 0:13:14]} 10. Bxd7+ {[%clk 0:12:42]} Nxd7
{[%clk 0:13:14]} 11. d4 {[%clk 0:12:25]} e6 {[%clk 0:13:08]} 12. O-O
{[%clk 0:12:11]} Be7 {[%clk 0:13:08]} 13. Qg3 {[%clk 0:11:44]} O-O
{[%clk 0:13:00]} 14. Bh6 {[%clk 0:11:14]} Bf6 {[%clk 0:13:00]} 15. f4
{[%clk 0:09:57]} Kh8 {[%clk 0:12:57]} 16. Bg5 {[%clk 0:09:57]} Rc8
{[%clk 0:12:57]} 17. c3 {[%clk 0:09:44]} Qb6 {[%clk 0:12:01]} 18. Rab1
{[%clk 0:06:28]} h6 {[%clk 0:12:01]} 19. Bh4 {[%clk 0:06:06]} Bxh4
{[%clk 0:11:52]} 20. Qxh4 {[%clk 0:06:06]} f5 {[%clk 0:11:52]} 21. Kh1
{[%clk 0:05:03]} Nf6 {[%clk 0:11:50]} 22. Ng1 {[%clk 0:05:01]} Ne4
{[%clk 0:11:44]} 23. Nf3 {[%clk 0:05:01]} Qd8 {[%clk 0:11:43]} 24. Qh5
{[%clk 0:04:42]} Qe8 {[%clk 0:11:35]} 25. Qh4 {[%clk 0:04:38]} Kg8
{[%clk 0:11:11]} 26. Ne5 {[%clk 0:04:22]} Nd2 {[%clk 0:10:59]} 27. Qf2
{[%clk 0:03:57]} Nxb1 28. Rxb1 {[%clk 0:03:57]} Rc7 {[%clk 0:10:45]} 29. Re1
{[%clk 0:03:57]} Rf6 {[%clk 0:10:45]} 30. Nd3 {[%clk 0:03:47]} b6
{[%clk 0:10:45]} 31. a3 {[%clk 0:03:17]} Kh7 {[%clk 0:10:39]} 32. Qh4
{[%clk 0:03:11]} Qg8 {[%clk 0:10:30]} 33. Qf2 {[%clk 0:02:22]} g5
{[%clk 0:10:30]} 34. Qe2 {[%clk 0:02:11]} Rg7 {[%clk 0:10:17]} 35. g3
{[%clk 0:01:58]} Qf8 {[%clk 0:09:55]} 36. Qe5 {[%clk 0:01:55]} Rfg6
{[%clk 0:09:50]} 37. Qe3 {[%clk 0:01:28]} Qd6 {[%clk 0:09:40]} 38. Qe5
{[%clk 0:01:07]} Qxe5 {[%clk 0:09:36]} 39. Rxe5 {[%clk 0:01:07]} Kg8
{[%clk 0:09:22]} 40. Kg2 {[%clk 0:01:07]} Kf7 {[%clk 0:09:19]} 41. Kf3
{[%clk 0:01:07]} Ke7 {[%clk 0:09:15]} 42. Re2 {[%clk 0:00:44]} Kd6
{[%clk 0:09:15]} 43. Ne5 {[%clk 0:00:43]} Rf6 {[%clk 0:09:15]} 44. Nd3
{[%clk 0:00:42]} Rg8 {[%clk 0:08:57]} 45. Re5 {[%clk 0:00:37]} g4+ 46. Kf2
{[%clk 0:00:37]} h5 {[%clk 0:08:54]} 47. Re1 {[%clk 0:00:37]} h4 {[%clk 0:08:54]}
48. Ne5 {[%clk 0:00:26]} hxg3+ {[%clk 0:08:49]} 49. hxg3 {[%clk 0:00:26]} Rh8
{[%clk 0:08:49]} 50. Rg1 {[%clk 0:00:26]} Rh7 {[%clk 0:08:47]} 51. Kf1
{[%clk 0:00:25]} Rfh6 {[%clk 0:08:47]} 52. Kf2 {[%clk 0:00:25]} Rh2+
{[%clk 0:08:36]} 53. Rg2 {[%clk 0:00:25]} Rh1 {[%clk 0:08:32]} 54. Nd3
{[%clk 0:00:17]} Rd1 {[%clk 0:08:04]} 55. Ke2 {[%clk 0:00:17]} Rhh1
{[%clk 0:07:59]} 56. Ne5 {[%clk 0:00:14]} Rhe1+ {[%clk 0:07:24]} 57. Kf2
{[%clk 0:00:14]} Rd2+ {[%clk 0:07:24]} 58. Kxe1 {[%clk 0:00:14]} Rxg2
{[%clk 0:07:24]} 0-1

[Event "Portugal Open Semirrapidas"]
[Site "Lisboa POR"]
[Date "2020.02.02"]
[Round "7.12"]
[White "RIBEIRO, Bruno"]
[Black "SAVANOVIC, Aleksandar"]
[Result "0-1"]
[BlackElo "2346"]
[WhiteElo "2056"]
[LiveChessVersion "1.4.8"]

1. e4 {[%clk 0:15:08]} e5 {[%clk 0:15:09]} 2. Nf3 {[%clk 0:15:09]} Nc6
{[%clk 0:15:13]} 3. Bb5 {[%clk 0:15:10]} a6 {[%clk 0:15:17]} 4. Ba4
{[%clk 0:15:13]} Nf6 {[%clk 0:15:20]} 5. d4 {[%clk 0:15:14]} exd4
{[%clk 0:14:53]} 6. O-O {[%clk 0:15:09]} Be7 {[%clk 0:14:56]} 7. e5
{[%clk 0:15:11]} Ne4 {[%clk 0:14:54]} 8. Nxd4 {[%clk 0:15:11]} O-O
{[%clk 0:14:52]} 9. Nf5 {[%clk 0:15:12]} d5 {[%clk 0:14:55]} 10. Bxc6
{[%clk 0:15:12]} bxc6 {[%clk 0:14:58]} 11. Nxe7+ {[%clk 0:15:11]} Qxe7
{[%clk 0:15:01]} 12. Re1 {[%clk 0:14:31]} Qh4 {[%clk 0:15:04]} 13. Be3
{[%clk 0:13:37]} f6 {[%clk 0:14:56]} 14. f3 {[%clk 0:13:05]} fxe5
{[%clk 0:14:58]} 15. fxe4 {[%clk 0:12:34]} d4 {[%clk 0:15:02]} 16. g3
{[%clk 0:10:21]} Qh3 {[%clk 0:13:54]} 17. Bxd4 {[%clk 0:06:09]} Bg4
{[%clk 0:13:40]} 18. Qd3 {[%clk 0:06:11]} exd4 {[%clk 0:13:30]} 19. Nd2
{[%clk 0:06:00]} Rf2 {[%clk 0:13:00]} 0-1

[Event "Portugal Open Semirrapidas"]
[Site "Lisboa POR"]
[Date "2020.02.02"]
[Round "7.13"]
[White "LOFFNER, Stefan"]
[Black "CAMBANDO, Jose"]
[Result "1-0"]
[BlackElo "2110"]
[WhiteElo "2411"]
[LiveChessVersion "1.4.8"]

1. e4 {[%clk 0:15:09]} c5 {[%clk 0:15:06]} 2. Nf3 {[%clk 0:15:12]} d6
{[%clk 0:15:10]} 3. d4 {[%clk 0:15:16]} cxd4 {[%clk 0:15:14]} 4. Nxd4
{[%clk 0:15:20]} Nf6 {[%clk 0:15:18]} 5. f3 {[%clk 0:15:24]} e5 {[%clk 0:14:53]}
6. Nb3 {[%clk 0:15:27]} Be6 {[%clk 0:14:13]} 7. c4 {[%clk 0:15:28]} Nbd7
{[%clk 0:14:13]} 8. Nc3 {[%clk 0:15:30]} a6 {[%clk 0:14:14]} 9. Be3
{[%clk 0:15:18]} Be7 {[%clk 0:14:13]} 10. Nd5 {[%clk 0:14:57]} Bxd5
{[%clk 0:14:16]} 11. cxd5 {[%clk 0:15:00]} O-O {[%clk 0:14:11]} 12. g3
{[%clk 0:14:22]} b5 {[%clk 0:13:30]} 13. Qd2 {[%clk 0:14:17]} Rc8
{[%clk 0:13:12]} 14. a4 {[%clk 0:13:56]} Rb8 {[%clk 0:11:27]} 15. Na5
{[%clk 0:13:49]} Rb7 {[%clk 0:11:24]} 16. Nxb7 {[%clk 0:13:51]} 1-0

[Event "Portugal Open Semirrapidas"]
[Site "Lisboa POR"]
[Date "2020.02.02"]
[Round "7.14"]
[White "SABUK, Piotr"]
[Black "SOUSA, Ludy"]
[Result "1-0"]
[BlackElo "2083"]
[WhiteElo "2398"]
[LiveChessVersion "1.4.8"]

1. d4 {[%clk 0:15:09]} Nf6 {[%clk 0:15:08]} 2. c4 {[%clk 0:15:13]} c5
{[%clk 0:15:11]} 3. d5 {[%clk 0:15:09]} b5 {[%clk 0:15:15]} 4. f3
{[%clk 0:15:09]} bxc4 {[%clk 0:15:01]} 5. e4 {[%clk 0:15:09]} d6 {[%clk 0:14:57]}
6. Bxc4 {[%clk 0:15:04]} g6 {[%clk 0:15:00]} 7. Ne2 {[%clk 0:15:08]} Bg7
{[%clk 0:15:04]} 8. Nec3 {[%clk 0:15:09]} O-O {[%clk 0:15:07]} 9. O-O
{[%clk 0:15:12]} Nbd7 10. a4 {[%clk 0:15:00]} a5 {[%clk 0:14:56]} 11. Na3
{[%clk 0:15:02]} Ba6 {[%clk 0:14:58]} 12. Qe2 Bxc4 {[%clk 0:14:55]} 13. Nxc4
{[%clk 0:15:04]} Nb6 {[%clk 0:14:53]} 14. Ne3 {[%clk 0:13:41]} Nfd7
{[%clk 0:14:22]} 15. Bd2 {[%clk 0:13:41]} Qc8 {[%clk 0:14:03]} 16. b3
{[%clk 0:13:16]} c4 {[%clk 0:12:42]} 17. bxc4 {[%clk 0:13:06]} Ne5
{[%clk 0:12:44]} 18. Rac1 {[%clk 0:13:06]} Qc5 {[%clk 0:12:41]} 19. Kh1
{[%clk 0:12:48]} Nexc4 {[%clk 0:12:14]} 20. Ncd1 {[%clk 0:11:57]} Rfc8
{[%clk 0:12:10]} 21. Nxc4 {[%clk 0:11:57]} Nxc4 {[%clk 0:10:35]} 22. Ne3 Bb2
{[%clk 0:06:49]} 23. Rxc4 {[%clk 0:11:30]} Qa3 {[%clk 0:06:50]} 24. Bxa5
{[%clk 0:07:04]} Bc1 {[%clk 0:05:51]} 25. Bb6 Bxe3 {[%clk 0:05:18]} 26. Qxe3
{[%clk 0:05:59]} Qa2 {[%clk 0:04:51]} 27. Rxc8+ {[%clk 0:05:30]} Rxc8
{[%clk 0:04:55]} 28. a5 {[%clk 0:05:17]} Rc2 {[%clk 0:04:46]} 29. Qg1
{[%clk 0:05:20]} h5 {[%clk 0:04:43]} 30. Ra1 {[%clk 0:05:16]} Qb2
{[%clk 0:04:05]} 31. Bd4 {[%clk 0:04:54]} Qb8 {[%clk 0:02:30]} 32. a6
{[%clk 0:04:49]} Qa8 {[%clk 0:02:34]} 33. a7 {[%clk 0:04:51]} Kh7
{[%clk 0:02:37]} 34. Rb1 {[%clk 0:04:45]} Rc8 {[%clk 0:02:39]} 35. Qe3
{[%clk 0:04:39]} e5 {[%clk 0:02:43]} 36. dxe6 {[%clk 0:04:34]} fxe6
{[%clk 0:02:47]} 37. Qf4 {[%clk 0:04:13]} e5 {[%clk 0:02:36]} 38. Qf7+
{[%clk 0:04:16]} Kh8 {[%clk 0:02:40]} 39. Rb7 {[%clk 0:04:05]} Qxb7
{[%clk 0:02:28]} 40. Qxb7 {[%clk 0:03:58]} 1-0

[Event "Portugal Open Semirrapidas"]
[Site "Lisboa POR"]
[Date "2020.02.02"]
[Round "7.15"]
[White "LEAO, Tiago"]
[Black "VEIGA, Francisco"]
[Result "0-1"]
[BlackElo "2370"]
[WhiteElo "2050"]
[LiveChessVersion "1.4.8"]

1. d4 {[%clk 0:15:04]} Nf6 {[%clk 0:15:08]} 2. Bf4 {[%clk 0:15:07]} g6
{[%clk 0:15:08]} 3. Nf3 {[%clk 0:14:59]} Bg7 {[%clk 0:15:10]} 4. Nc3
{[%clk 0:15:01]} d5 {[%clk 0:15:04]} 5. e3 {[%clk 0:15:04]} O-O {[%clk 0:14:55]}
6. Be2 {[%clk 0:15:05]} c6 {[%clk 0:14:48]} 7. O-O {[%clk 0:14:43]} Bf5
{[%clk 0:14:47]} 8. Nh4 {[%clk 0:14:26]} Be6 {[%clk 0:14:41]} 9. Be5
{[%clk 0:14:09]} Nbd7 {[%clk 0:14:31]} 10. f4 {[%clk 0:14:17]} Nxe5
{[%clk 0:14:35]} 11. fxe5 {[%clk 0:14:06]} Nd7 {[%clk 0:14:24]} 12. Bg4
{[%clk 0:13:29]} Bxg4 {[%clk 0:14:16]} 13. Qxg4 {[%clk 0:13:33]} e6
{[%clk 0:13:23]} 14. Rf2 {[%clk 0:11:53]} Qb6 {[%clk 0:13:25]} 15. Raf1
{[%clk 0:10:10]} Qxb2 {[%clk 0:13:01]} 16. Ne2 {[%clk 0:09:24]} Qxc2
{[%clk 0:12:35]} 17. Ng3 {[%clk 0:05:14]} Qd3 {[%clk 0:12:33]} 18. Nf3
{[%clk 0:05:15]} h6 {[%clk 0:11:49]} 19. e4 {[%clk 0:03:30]} Nb6 {[%clk 0:11:09]}
20. h4 {[%clk 0:02:05]} dxe4 {[%clk 0:10:39]} 21. Nxe4 {[%clk 0:01:42]} h5
{[%clk 0:10:39]} 22. Qg3 {[%clk 0:00:10]} Qxe4 {[%clk 0:10:38]} 23. Ng5
{[%clk 0:00:15]} Qxd4 {[%clk 0:10:21]} 24. Kh1 {[%clk 0:00:14]} Bxe5
{[%clk 0:10:03]} 25. Qh3 {[%clk 0:00:18]} Qg4 {[%clk 0:09:54]} 26. Nxf7
{[%clk 0:00:08]} Qxh3+ {[%clk 0:09:56]} 27. gxh3 {[%clk 0:00:12]} Bg7
{[%clk 0:09:55]} 0-1

[Event "Portugal Open Semirrapidas"]
[Site "Lisboa POR"]
[Date "2020.02.02"]
[Round "7.16"]
[White "FERNANDES, Antonio"]
[Black "FERNANDES, Alberto"]
[Result "1-0"]
[BlackElo "2082"]
[WhiteElo "2358"]
[LiveChessVersion "1.4.8"]

1. Nf3 {[%clk 0:15:05]} Nf6 {[%clk 0:15:05]} 2. g3 {[%clk 0:15:09]} d5
{[%clk 0:15:01]} 3. Bg2 {[%clk 0:15:13]} c6 {[%clk 0:14:59]} 4. O-O
{[%clk 0:15:15]} Bg4 {[%clk 0:15:01]} 5. c4 {[%clk 0:15:09]} Bxf3
{[%clk 0:15:01]} 6. Bxf3 {[%clk 0:15:12]} e6 {[%clk 0:14:59]} 7. Qb3
{[%clk 0:14:56]} Qb6 {[%clk 0:14:45]} 8. Qc2 {[%clk 0:15:00]} Nbd7
{[%clk 0:14:30]} 9. d3 {[%clk 0:14:54]} Be7 {[%clk 0:14:04]} 10. a3
{[%clk 0:13:57]} a5 {[%clk 0:13:55]} 11. Nc3 {[%clk 0:13:56]} O-O
{[%clk 0:13:56]} 12. b3 {[%clk 0:10:51]} Qc7 {[%clk 0:12:51]} 13. Ra2
{[%clk 0:09:26]} Rfb8 {[%clk 0:10:20]} 14. d4 {[%clk 0:05:35]} b6
{[%clk 0:06:45]} 15. cxd5 {[%clk 0:04:52]} cxd5 {[%clk 0:06:07]} 16. Bf4
{[%clk 0:04:52]} Bd6 {[%clk 0:06:09]} 17. Nxd5 {[%clk 0:04:20]} Nxd5
{[%clk 0:05:30]} 18. Qxc7 {[%clk 0:04:18]} Bxc7 {[%clk 0:05:31]} 19. Bxd5
{[%clk 0:04:21]} exd5 {[%clk 0:05:26]} 20. Bxc7 {[%clk 0:04:25]} Rc8
{[%clk 0:05:03]} 21. Rc1 {[%clk 0:04:11]} Ra7 {[%clk 0:04:01]} 22. Rac2
{[%clk 0:04:12]} f6 {[%clk 0:04:00]} 23. f3 {[%clk 0:03:40]} Kf7 {[%clk 0:03:56]}
24. Kf2 {[%clk 0:03:09]} a4 {[%clk 0:04:00]} 25. b4 {[%clk 0:02:52]} b5
{[%clk 0:04:01]} 26. Rc6 {[%clk 0:02:45]} Rb7 {[%clk 0:04:00]} 27. g4
{[%clk 0:02:43]} h6 {[%clk 0:03:39]} 28. h3 {[%clk 0:02:32]} Nf8 {[%clk 0:02:56]}
29. Bd6 {[%clk 0:01:57]} Rxc6 {[%clk 0:02:58]} 30. Rxc6 {[%clk 0:02:01]} Nd7
{[%clk 0:02:54]} 31. Bc5 {[%clk 0:01:59]} Ke8 {[%clk 0:02:29]} 32. Re6+
{[%clk 0:01:33]} Kf7 {[%clk 0:02:32]} 33. Rd6 {[%clk 0:01:37]} Nb8
{[%clk 0:01:59]} 34. h4 {[%clk 0:01:41]} g6 {[%clk 0:01:30]} 35. h5
{[%clk 0:01:44]} gxh5 {[%clk 0:01:32]} 36. gxh5 {[%clk 0:01:48]} Nd7
{[%clk 0:01:13]} 37. Rxd5 {[%clk 0:01:33]} Ke6 {[%clk 0:01:17]} 38. e4
{[%clk 0:01:33]} Kf7 {[%clk 0:00:46]} 39. f4 {[%clk 0:01:24]} 1-0

[Event "Portugal Open Semirrapidas"]
[Site "Lisboa POR"]
[Date "2020.02.02"]
[Round "7.17"]
[White "GOLUCH, Piotr"]
[Black "CHENNAOUI, Yasin"]
[Result "1-0"]
[BlackElo "2076"]
[WhiteElo "2341"]
[LiveChessVersion "1.4.8"]

1. e4 {[%clk 0:15:07]} c5 {[%clk 0:15:07]} 2. Nf3 {[%clk 0:15:10]} Nc6
{[%clk 0:15:11]} 3. c3 {[%clk 0:15:14]} e6 {[%clk 0:15:06]} 4. d4
{[%clk 0:15:15]} d5 {[%clk 0:15:08]} 5. exd5 {[%clk 0:15:19]} exd5
{[%clk 0:15:11]} 6. Bb5 {[%clk 0:15:22]} a6 {[%clk 0:14:29]} 7. Bxc6+
{[%clk 0:15:21]} bxc6 {[%clk 0:14:33]} 8. O-O {[%clk 0:15:23]} cxd4
{[%clk 0:13:50]} 9. Nxd4 {[%clk 0:15:24]} Bd7 {[%clk 0:13:50]} 10. Re1+
{[%clk 0:15:26]} Be7 {[%clk 0:13:51]} 11. Bg5 {[%clk 0:15:25]} Nf6
{[%clk 0:13:54]} 12. Bxf6 {[%clk 0:15:29]} gxf6 {[%clk 0:13:57]} 13. Qe2
{[%clk 0:15:21]} c5 {[%clk 0:13:38]} 14. Nb3 {[%clk 0:15:23]} Be6
{[%clk 0:13:33]} 15. Qe3 {[%clk 0:15:23]} Qd6 {[%clk 0:13:06]} 16. N1d2
{[%clk 0:15:20]} Rg8 {[%clk 0:12:15]} 17. Rad1 {[%clk 0:15:15]} Rg4
{[%clk 0:10:16]} 18. h3 {[%clk 0:14:07]} Ra4 {[%clk 0:09:39]} 19. Qh6
{[%clk 0:13:54]} Qf4 {[%clk 0:08:05]} 20. Qxh7 {[%clk 0:13:19]} O-O-O
{[%clk 0:08:06]} 21. Rxe6 {[%clk 0:13:08]} fxe6 {[%clk 0:08:01]} 22. Qxe7
{[%clk 0:13:11]} Qd6 {[%clk 0:07:35]} 23. Qa7 {[%clk 0:12:12]} Rxa2
{[%clk 0:06:43]} 24. Nc4 {[%clk 0:12:12]} dxc4 {[%clk 0:02:44]} 25. Rxd6
{[%clk 0:12:16]} Rxd6 {[%clk 0:02:46]} 26. Qxc5+ {[%clk 0:12:13]} Kd7
{[%clk 0:02:38]} 27. Na5 {[%clk 0:11:59]} Rxb2 {[%clk 0:01:42]} 28. Qxd6+
{[%clk 0:12:02]} Kxd6 {[%clk 0:01:44]} 29. Nxc4+ {[%clk 0:12:06]} Kc5
{[%clk 0:01:45]} 30. Nxb2 {[%clk 0:12:09]} a5 {[%clk 0:01:40]} 31. Kf1
{[%clk 0:12:12]} Kb5 {[%clk 0:01:25]} 32. Ke2 {[%clk 0:12:16]} a4
{[%clk 0:01:29]} 33. Nxa4 {[%clk 0:12:19]} Kxa4 34. Kd3 {[%clk 0:12:23]} Kb5
{[%clk 0:01:35]} 35. Kd4 {[%clk 0:12:25]} Kc6 {[%clk 0:01:32]} 36. g4
{[%clk 0:12:20]} Kd6 {[%clk 0:01:15]} 37. f4 {[%clk 0:12:24]} e5+
{[%clk 0:01:19]} 38. fxe5+ {[%clk 0:12:27]} fxe5+ {[%clk 0:01:23]} 39. Ke4
{[%clk 0:12:31]} Ke6 {[%clk 0:01:26]} 40. c4 {[%clk 0:12:35]} Kd6
{[%clk 0:01:30]} 41. h4 {[%clk 0:12:39]} Ke6 {[%clk 0:01:34]} 42. g5
{[%clk 0:12:42]} Kd6 {[%clk 0:01:37]} 43. h5 {[%clk 0:12:46]} Ke6
{[%clk 0:01:41]} 44. c5 {[%clk 0:12:50]} Kd7 {[%clk 0:01:44]} 45. Kxe5
{[%clk 0:12:53]} Kc6 {[%clk 0:01:47]} 46. Kd4 {[%clk 0:12:57]} Kd7
{[%clk 0:01:48]} 47. Kd5 {[%clk 0:13:01]} Ke7 {[%clk 0:01:51]} 48. c6
{[%clk 0:13:05]} Kd8 {[%clk 0:01:54]} 49. Kd6 {[%clk 0:13:08]} Kc8
{[%clk 0:01:58]} 1-0

[Event "Portugal Open Semirrapidas"]
[Site "Lisboa POR"]
[Date "2020.02.02"]
[Round "7.18"]
[White "TIERES, Cristiano"]
[Black "BUTKIEWICZ, Lukasz"]
[Result "0-1"]
[BlackElo "2294"]
[WhiteElo "2021"]
[LiveChessVersion "1.4.8"]

1. d4 {[%clk 0:15:08]} Nf6 {[%clk 0:15:08]} 2. c4 {[%clk 0:15:12]} e6
{[%clk 0:15:13]} 3. Nc3 {[%clk 0:15:16]} c5 {[%clk 0:15:13]} 4. d5
{[%clk 0:15:19]} exd5 {[%clk 0:15:17]} 5. cxd5 {[%clk 0:15:23]} d6
{[%clk 0:15:21]} 6. e4 {[%clk 0:15:27]} g6 {[%clk 0:15:25]} 7. f4
{[%clk 0:15:30]} Bg7 {[%clk 0:15:26]} 8. Bb5+ Nfd7 {[%clk 0:15:24]} 9. a4
{[%clk 0:15:37]} O-O {[%clk 0:15:26]} 10. Nf3 {[%clk 0:15:40]} Na6
{[%clk 0:15:27]} 11. O-O {[%clk 0:15:43]} Nb4 {[%clk 0:15:30]} 12. Re1
{[%clk 0:15:46]} a6 {[%clk 0:15:31]} 13. Bf1 {[%clk 0:15:49]} Nf6
{[%clk 0:15:32]} 14. h3 {[%clk 0:15:52]} Re8 {[%clk 0:15:32]} 15. Bc4
{[%clk 0:15:44]} Nd7 {[%clk 0:15:10]} 16. Be3 {[%clk 0:14:15]} Rb8
{[%clk 0:14:54]} 17. Bf2 {[%clk 0:14:04]} Nb6 {[%clk 0:12:30]} 18. Bf1
{[%clk 0:13:31]} Na8 {[%clk 0:12:32]} 19. Bc4 {[%clk 0:12:13]} Nc7
{[%clk 0:12:34]} 20. a5 {[%clk 0:12:12]} b5 {[%clk 0:12:37]} 21. axb6
{[%clk 0:12:15]} Rxb6 {[%clk 0:12:40]} 22. e5 {[%clk 0:12:14]} Bf8
{[%clk 0:11:13]} 23. Bh4 {[%clk 0:10:38]} Be7 {[%clk 0:10:34]} 24. Bxe7
{[%clk 0:09:58]} Rxe7 {[%clk 0:10:36]} 25. Qb3 {[%clk 0:05:01]} Ne8
{[%clk 0:10:08]} 26. Qd1 {[%clk 0:04:34]} Bb7 {[%clk 0:07:36]} 27. Na4
{[%clk 0:03:22]} Rb5 {[%clk 0:07:06]} 28. Bxb5 {[%clk 0:03:24]} axb5
{[%clk 0:07:10]} 29. Nc3 {[%clk 0:03:26]} c4 {[%clk 0:07:11]} 30. exd6
{[%clk 0:03:19]} Rxe1+ {[%clk 0:07:06]} 31. Nxe1 {[%clk 0:02:48]} Nxd6
{[%clk 0:07:10]} 32. Qe2 {[%clk 0:02:39]} Nf5 {[%clk 0:06:42]} 33. Rd1
{[%clk 0:01:50]} Qd7 {[%clk 0:05:38]} 34. Qe5 {[%clk 0:01:41]} Nd6
{[%clk 0:05:15]} 35. Ne4 {[%clk 0:01:34]} Nxe4 {[%clk 0:05:16]} 36. Qxe4
{[%clk 0:01:34]} Nxd5 {[%clk 0:05:05]} 37. Nf3 {[%clk 0:01:11]} Qc6
{[%clk 0:04:48]} 38. Ne5 {[%clk 0:00:56]} Qb6+ {[%clk 0:04:33]} 39. Kh2
{[%clk 0:00:44]} Qe6 {[%clk 0:01:55]} 40. Qd4 {[%clk 0:00:37]} Qf5
{[%clk 0:01:50]} 41. g3 {[%clk 0:00:27]} Qc2+ {[%clk 0:01:49]} 42. Rd2
{[%clk 0:00:32]} Qb1 {[%clk 0:01:44]} 43. Ng4 {[%clk 0:00:33]} Kf8
{[%clk 0:00:43]} 44. Re2 {[%clk 0:00:32]} f6 {[%clk 0:00:30]} 45. Qc5+
{[%clk 0:00:31]} Kf7 {[%clk 0:00:26]} 46. Qd6 {[%clk 0:00:18]} g5
{[%clk 0:00:07]} 47. Qd7+ {[%clk 0:00:20]} Kg6 {[%clk 0:00:11]} 48. f5+
{[%clk 0:00:22]} Qxf5 {[%clk 0:00:15]} 49. Qe8+ {[%clk 0:00:24]} Kg7
{[%clk 0:00:17]} 50. Re7+ {[%clk 0:00:11]} Nxe7 51. Qxe7+ {[%clk 0:00:15]} Kg6
{[%clk 0:00:24]} 52. Qxb7 {[%clk 0:00:17]} Qc2+ {[%clk 0:00:23]} 53. Qg2
{[%clk 0:00:20]} Qd3 {[%clk 0:00:09]} 54. Qf2 {[%clk 0:00:24]} Qd6
{[%clk 0:00:11]} 55. Qc2+ {[%clk 0:00:26]} f5 {[%clk 0:00:10]} 56. Ne3
{[%clk 0:00:28]} Qe5 {[%clk 0:00:10]} 57. Qf2 {[%clk 0:00:26]} h5
{[%clk 0:00:12]} 58. h4 {[%clk 0:00:29]} gxh4 {[%clk 0:00:13]} 59. Nf1
{[%clk 0:00:23]} hxg3+ {[%clk 0:00:11]} 60. Nxg3 {[%clk 0:00:22]} h4
{[%clk 0:00:11]} 61. Qb6+ {[%clk 0:00:27]} Qf6 {[%clk 0:00:09]} 0-1